00743nam a2200217Ii 45000010005000000030009000050080041000140400033000550410008000880820012000961000026001082450027001342640066001613000012002273360026002393370028002653380027002939400050003209990017003709520138003876319CO-ViMGA241108s9999||||xx |||||||||||||| ||und|| aCO-ViMGAbspaerdacCO-ViMGA0 aunk04a862-V341 aJuan de Valdes95567210aDiálogo de la lengua 1a[Lugar de publicación no identificado] : Espasa-Calpe, 1946 avolumen atextbtxt2rdacontent aunmediatedbn2rdamedia avolumebnc2rdacarrier aidficha_siabuc: 6171. -- ficha_no_siabuc:6319 c53306d53306 001040708001aMEVIGERRbMEVIGERRcGENd2006-11-27hVol.1o862-V34pECA5700r2024-11-26 10:09:56tEj.1w2024-11-26yBKz6171 | 8647